000 00355nam a2200157Ia 4500
003 OSt
005 20240209114108.0
008 170524s9999 xx 000 0 und d
020 _a9788120350724
040 _cIIMT
100 _aKaul - Asha
245 0 _aEffective Business Communication
260 _bNew Delhi- PHI
260 _c2007
942 _2ddc
_c02
999 _c7548
_d7548